Автоматизация селективной сборки приборов

গ্রন্থ-পঞ্জীর বিবরন
প্রধান লেখক: Буловский П. И. Павел Иванович
অন্যান্য লেখক: Крылов Г. В. Герман Владимирович, Лопухин В. А. Владимир Алексеевич
ভাষা:রুশ
প্রকাশিত: Ленинград, Машиностроение, 1978
বিষয়গুলি:
বিন্যাস: MixedMaterials গ্রন্থ
KOHA link:https://koha.lib.tpu.ru/cgi-bin/koha/opac-detail.pl?biblionumber=370369

MARC

LEADER 00000nam0a2200000 4500
001 370369
005 20231102012255.0
035 |a (RuTPU)RU\TPU\retro\27777 
090 |a 370369 
100 |a 20220627d1978 km y0rusy50 ca 
101 0 |a rus 
102 |a RU 
105 |a a z 001zy 
200 1 |a Автоматизация селективной сборки приборов  |f П. И. Буловский, Г. В. Крылов, В. А. Лопухин 
210 |a Ленинград  |c Машиностроение  |d 1978 
215 |a 232 с.  |c ил. 
320 |a Библиогр.: с. 229-230 
606 1 |a Приборостроение  |x Технология  |2 stltpush  |3 (RuTPU)RU\TPU\subj\51547  |9 70120 
606 1 |a Селективная сборка  |2 stltpush  |3 (RuTPU)RU\TPU\subj\54419  |9 72576 
610 1 |a синтез 
610 1 |a точность 
610 1 |a автоматизация 
610 1 |a сортировка 
610 1 |a комплектующие установки 
675 |a 681.2.002  |v 4 
675 |a 621.757  |v 4 
700 1 |a Буловский  |b П. И.  |g Павел Иванович 
701 1 |a Крылов  |b Г. В.  |g Герман Владимирович 
701 1 |a Лопухин  |b В. А.  |g Владимир Алексеевич 
801 1 |a RU  |b 63413507  |c 20220627 
942 |c BK